[Event "6th OIBM"]
[Site "Bad Wiessee GER"]
[Date "2002.10.28"]
[Round "3"]
[White "Koscielski,J"]
[Black "Lerner,K"]
[Result "0-1"]
[WhiteElo "2287"]
[BlackElo "2504"]

1.e4 c5 2.Nf3 d6 3.d4 cxd4 4.Nxd4 Nf6 5.Nc3 Nc6 6.Bg5 e6 7.Qd2 a6 8.O-O-O h6
9.Be3 Be7 10.f3 Nxd4 11.Bxd4 b5 12.g4 Qa5 13.a3 Rb8 14.h4 e5 15.Be3 Be6 16.Bh3 b4
17.Nb1 Nd7 18.Bg2 Nc5 19.Bxc5 Qxc5 20.g5 bxa3 21.Nxa3 O-O 22.gxh6 Rxb2 23.hxg7 Rc8  0-1

[Event "10th Chigorin Mem"]
[Site "St Petersburg RUS"]
[Date "2002.10.28"]
[Round "4"]
[White "Frolyanov,D"]
[Black "Zablotsky,S"]
[Result "1/2-1/2"]
[WhiteElo "2433"]
[BlackElo "2391"]

1.e4 c5 2.Nf3 Nc6 3.d4 cxd4 4.Nxd4 Nf6 5.Nc3 d6 6.Bg5 e6 7.Qd2 Qb6 8.Nb3 a6
9.O-O-O Be7 10.f3 O-O 11.h4 Rd8 12.Be3 Qc7 13.Qf2 Nd7 14.g4 Nce5 15.g5 b5
16.h5 b4 17.Ne2 a5 18.g6 hxg6 19.hxg6 Nxg6 20.Nf4 a4 21.Nd4 Ndf8 22.Kb1 Bd7
23.Qh2 b3 24.cxb3 axb3 25.a3 Rdc8 26.Bd3 Bf6 27.Nh5 Qd8 28.Rdg1 Ra5 29.f4 Rcc5
30.Ng3 Qc8 31.f5 exf5 32.exf5 Rxf5 33.Ngxf5 Rxf5 34.Rc1 Rc5 35.Qxd6 Rxc1+
36.Rxc1 Qe8 37.Qg3 Ne5 38.Bf5 Bxf5+ 39.Nxf5 Nd3 40.Bd4 Qe4 41.Ne7+ Kh7 42.Ka1 Nxc1
43.Bxf6 gxf6 44.Qg8+ Kh6 45.Qxf8+ Kg5 46.Qg7+ Kh4 47.Qxf6+ Kh3 48.Qf1+ Kh2
49.Qf2+ Kh3 50.Nf5 Ne2 51.Qf1+ Kh2 52.Nd6 Qc2 53.Qf2+ Kh3 54.Qf1+ Kh2 55.Qf2+  1/2-1/2

[Event "Olympiad"]
[Site "Bled SLO"]
[Date "2002.10.29"]
[Round "4"]
[White "Le Dinh Tuan"]
[Black "Wahono,A"]
[Result "1/2-1/2"]
[WhiteElo "2318"]
[BlackElo "2386"]

1.e4 c5 2.Ne2 d6 3.Nbc3 Nc6 4.d4 cxd4 5.Nxd4 Nf6 6.Bg5 e6 7.Qd2 Be7 8.O-O-O a6
9.Bxf6 gxf6 10.g3 Qc7 11.f4 Bd7 12.f5 Nxd4 13.Qxd4 Qc5 14.Qxc5 dxc5 15.fxe6 fxe6
16.Bh3 O-O-O 17.Ne2 Bf8 18.Rhf1 Bh6+ 19.Kb1 Rhf8 20.b3 Kc7 21.Nf4 Bxf4 22.Rxf4 e5
23.Rh4 Bxh3 24.Rxd8 Kxd8 25.Rxh3 Rf7 26.Kb2 Ke7 27.Kc3 b5 28.Rh5 Kf8 29.Rf5  1/2-1/2

[Event "Blue Autumn"]
[Site "Bucharest ROM"]
[Date "2002.10.29"]
[Round "7"]
[White "Djukic,Ni"]
[Black "Murariu,A"]
[Result "1-0"]
[WhiteElo "2413"]
[BlackElo "2395"]

1.e4 c5 2.Nf3 Nc6 3.d4 cxd4 4.Nxd4 Nf6 5.Nc3 d6 6.Bg5 e6 7.Qd2 a6 8.O-O-O h6
9.Be3 Qc7 10.f4 Bd7 11.Be2 b5 12.Bf3 Rb8 13.e5 dxe5 14.fxe5 Nxe5 15.Bf4 b4
16.Nce2 Rb6 17.Qe3 Bd6 18.Nxe6 Bxe6 19.Rxd6 Rxd6 20.Qxe5 Ke7 21.Nd4 g6 22.Rd1 Rhd8
23.Qxd6+ Rxd6 24.Bxd6+ Qxd6 25.Nc6+ Qxc6 26.Bxc6 a5 27.h3 Nh5 28.Bd5 Nf4
29.Bxe6 fxe6 30.Rd2 e5 31.g3 Nxh3 32.Rd5 Ke6 33.Rxa5 Nf2 34.Rb5  1-0

[Event "10th Chigorin Mem"]
[Site "St Petersburg RUS"]
[Date "2002.10.29"]
[Round "5"]
[White "Polivanov,A"]
[Black "Makarov,M"]
[Result "1/2-1/2"]
[WhiteElo "2395"]
[BlackElo "2513"]

1.e4 c5 2.Nc3 d6 3.Nge2 Nc6 4.d4 cxd4 5.Nxd4 Nf6 6.Bg5 e6 7.Qd2 Qb6 8.Nb3 a6
9.O-O-O Qc7 10.f3 Rb8 11.g4 b5 12.Ne2 Ne5 13.Ned4 Be7 14.h4 Bd7 15.Qe1 Nc4
16.Nd2 Nb6  1/2-1/2

[Event "10th Chigorin Mem"]
[Site "St Petersburg RUS"]
[Date "2002.10.29"]
[Round "5"]
[White "Smirnov,P"]
[Black "Ovsejevitsch,S"]
[Result "1/2-1/2"]
[WhiteElo "2562"]
[BlackElo "2508"]

1.e4 c5 2.Nf3 d6 3.d4 cxd4 4.Nxd4 Nf6 5.Nc3 Nc6 6.Bg5 e6 7.Qd2 Qb6 8.Nb3 Be7
9.O-O-O O-O 10.f3 a6 11.g4 Qc7 12.Bxf6 Bxf6 13.Qxd6 Qxd6 14.Rxd6 Be7 15.Rd1 Ne5
16.Be2 g5 17.Na4 b5 18.Nac5 Ra7 19.Nd3 Ng6 20.Nbc5 b4 21.e5 Nxe5 22.Nxe5 Bxc5
23.h4 gxh4 24.Rxh4 f6 25.Nd3 Bd6 26.f4 a5 27.Bf3 Ba6 28.f5 exf5  1/2-1/2

[Event "6th OIBM"]
[Site "Bad Wiessee GER"]
[Date "2002.10.30"]
[Round "5"]
[White "Saathoff,R"]
[Black "Taeger,W"]
[Result "0-1"]
[WhiteElo "2112"]
[BlackElo "2285"]

1.e4 c5 2.Nf3 d6 3.d4 cxd4 4.Nxd4 Nf6 5.Nc3 Nc6 6.Bg5 e6 7.Qd2 a6 8.O-O-O h6
9.Be3 Be7 10.f4 Bd7 11.Bd3 b5 12.h3 b4 13.Nce2 e5 14.Nf5 Bxf5 15.exf5 Qa5
16.Kb1 O-O 17.g4 d5 18.fxe5 Nxe5 19.Bxh6 gxh6 20.Qxh6 Rfc8 21.g5 Bf8 22.Qh4 Nf3
23.Qf4 Ne4 24.Bxe4 dxe4 25.Qxe4 b3 26.Nc3 Rxc3 27.axb3 Rac8 28.bxc3 Qxc3
29.g6 Ba3 30.gxf7+ Kf8  0-1

[Event "Blue Autumn"]
[Site "Bucharest ROM"]
[Date "2002.10.31"]
[Round "9"]
[White "Radovanovic,D"]
[Black "Murariu,A"]
[Result "0-1"]
[WhiteElo "2334"]
[BlackElo "2395"]

1.e4 c5 2.Nf3 Nc6 3.d4 cxd4 4.Nxd4 Nf6 5.Nc3 d6 6.Bg5 e6 7.Qd2 a6 8.O-O-O h6
9.Be3 Qc7 10.f4 Bd7 11.Be2 b5 12.Bf3 Rb8 13.e5 dxe5 14.fxe5 Nxe5 15.Bf4 b4
16.Nce2 Rc8 17.Bxe5 Qxe5 18.Rhe1 Qa5 19.Kb1 Be7 20.h4 e5 21.Nb3 Qc7 22.Ng3 a5
23.Qe2 O-O 24.Qxe5 Qxc2+ 25.Ka1 Be6 26.Rc1 Qf2 27.Nd4 Nd7 28.Qf4 Bf6 29.Nge2 Nc5
30.Red1 Qxh4 31.Qxh4 Bxh4 32.Nc6 Na4 33.Ned4 Bf6 34.Kb1 Bd7 35.Rc2 Rfe8 36.Nxa5 Bxd4
37.Rxc8 Bf5+ 38.Rc2 Bxb2 39.Bc6 Nc3+ 40.Kxb2 Nxd1+ 41.Ka1 Re5 42.Rc1 Rxa5
43.Rxd1 Be6 44.Rd2 Ra3 45.Kb1 g6 46.Rb2 b3 47.axb3 Rxb3 48.Rxb3 Bxb3 49.Kb2 Be6
50.Kc3 Kg7 51.Kd4 Kf6 52.Ke4 Kg5 53.Kf3 h5 54.Kg3 Kf5 55.Bf3 Ke5 56.Bd1 Bd5
57.Be2 Kf6 58.Bd1 Kg5 59.Be2 h4+ 60.Kh2 Kf4 61.Kh3 g5 62.Bb5 Ke3  0-1

[Event "Olympiad"]
[Site "Bled SLO"]
[Date "2002.11.01"]
[Round "7"]
[White "Nolsoe,E"]
[Black "Hoelzl,F"]
[Result "0-1"]
[WhiteElo "2236"]
[BlackElo "2372"]

1.e4 c5 2.Nf3 d6 3.d4 cxd4 4.Nxd4 Nf6 5.Nc3 Nc6 6.Bg5 e6 7.Qd2 Qb6 8.O-O-O Be7
9.f3 a6 10.g4 Qxd4 11.Qxd4 Nxd4 12.Rxd4 h5 13.gxh5 Nxh5 14.Bxe7 Kxe7 15.Rd2 b5
16.Rg1 Bb7 17.a4 b4 18.Na2 a5 19.Bc4 Rac8 20.b3 Nf6 21.Rxg7 d5 22.exd5 Nxd5
23.Bxd5 Bxd5 24.Kb2 Rh3 25.c3 Rxf3 26.c4 Be4 27.Rg1 Rh8 28.Re1 f5 29.Nc1 Rhh3
30.Ree2 Rf1 31.Rf2 Rh1 32.Rde2 e5 33.Rd2 Ke6 34.Ne2 Rb1+  0-1

[Event "10th Chigorin Mem"]
[Site "St Petersburg RUS"]
[Date "2002.11.01"]
[Round "7"]
[White "Kornev,Alexe"]
[Black "Andreev,Ed"]
[Result "1-0"]
[WhiteElo "2566"]
[BlackElo "2466"]

1.e4 c5 2.Nf3 d6 3.d4 cxd4 4.Nxd4 Nf6 5.Nc3 Nc6 6.Bg5 e6 7.Qd2 a6 8.O-O-O Bd7
9.f4 b5 10.Bxf6 gxf6 11.f5 Qb6 12.Nxc6 Bxc6 13.fxe6 fxe6 14.Qf4 Be7 15.Be2 h5
16.Bf3 O-O-O 17.Kb1 Kb8 18.h4 Bb7 19.Ne2 e5 20.Qd2 d5 21.exd5 f5 22.Ng3 Qg6
23.Nxh5 Rxh5 24.Bxh5 Qxh5 25.Qe3 Bd6 26.Qb6 Rd7 27.Qe3 Rg7 28.Qb6 Rd7 29.Qf2 f4
30.Qf3 Rh7 31.g4 Qg6 32.g5 Bc8 33.Rdg1 Rh5 34.Qc3 e4 35.a4 b4 36.Qd4 e3 37.Rf1 Bb7
38.Rxf4 Bxf4 39.Qxf4+ Ka8 40.Qxe3 Bxd5 41.Rd1 b3 42.Rxd5 Qxc2+ 43.Ka1 Rh7
44.Rc5 Re7 45.Rxc2 Rxe3 46.Rc1 Rg3 47.Rh1 Kb7 48.h5 Rxg5 49.h6 Rg8 50.h7 Rh8
51.Kb1 Kb6 52.Kc1 Ka5 53.Rh4  1-0

[Event "10th Chigorin Mem"]
[Site "St Petersburg RUS"]
[Date "2002.11.01"]
[Round "7"]
[White "Lastin,A"]
[Black "Ovsejevitsch,S"]
[Result "1/2-1/2"]
[WhiteElo "2625"]
[BlackElo "2508"]

1.e4 c5 2.Nf3 d6 3.d4 cxd4 4.Nxd4 Nf6 5.Nc3 Nc6 6.Bg5 e6 7.Qd2 Qb6 8.Nb3 Be7
9.O-O-O O-O 10.f3 a6 11.h4 Rd8 12.Be3 Qc7 13.Qf2 Nd7 14.g4 b5 15.g5 Nce5
16.f4 Ng4 17.Qg1 Nxe3 18.Qxe3 b4 19.Ne2 a5 20.Kb1 Nb6 21.Ng3 d5 22.g6 fxg6
23.h5 g5 24.fxg5 Nc4 25.Bxc4 dxc4 26.Nd4 b3 27.cxb3 cxb3 28.h6 bxa2+ 29.Ka1 g6
30.Ngf5 exf5 31.Qb3+ Kf8 32.exf5 Bxf5 33.Rhf1 Rxd4 34.Rxd4 Rd8 35.Rd5 Rxd5
36.Qxd5 Qd6  1/2-1/2

[Event "6th OIBM"]
[Site "Bad Wiessee GER"]
[Date "2002.11.03"]
[Round "9"]
[White "Bromberger,S"]
[Black "Aseev,K"]
[Result "0-1"]
[WhiteElo "2414"]
[BlackElo "2571"]

1.e4 c5 2.Nf3 Nc6 3.d4 cxd4 4.Nxd4 Nf6 5.Nc3 d6 6.Bg5 Bd7 7.Qd2 Nxd4 8.Qxd4 Qa5
9.Bd2 Rc8 10.Bd3 a6 11.Nd5 Qc5 12.Qxc5 Rxc5 13.b4 Rc8 14.Nb6 Rc7 15.a4 g6
16.b5 Bg7 17.bxa6 bxa6 18.Rb1 O-O 19.f3 Be6 20.a5 d5 21.exd5 Nxd5 22.c4 Nc3
23.Rb3 Rd8 24.Bf1 Nb5 25.Nd5 Bxd5 26.cxd5 Nd4 27.d6 Rcd7 28.Rb6 Rxd6 29.Rxd6 Rxd6
30.Bc4 Rc6 31.Bd3 Nb3 32.Ke2 Nxd2 33.Kxd2 Bc3+ 34.Ke2 Re6+ 35.Kf2 Bxa5 36.Rb1 Bb6+
37.Kg3 a5 38.Rc1 Rd6 39.Bb5 Rd2 40.Kh3 Rb2 41.Bd7 Kg7 42.Rc8 Be3 43.Ra8 Bd2
44.Rxa5 Bxa5  0-1

[Event "FSGM Nov"]
[Site "Budapest HUN"]
[Date "2002.11.03"]
[Round "2"]
[White "Szieberth,A"]
[Black "Chernyshov,K"]
[Result "0-1"]
[WhiteElo "2371"]
[BlackElo "2549"]

1.e4 c5 2.Nf3 Nc6 3.d4 cxd4 4.Nxd4 Nf6 5.Nc3 d6 6.Bg5 e6 7.Qd2 a6 8.O-O-O h6
9.Bf4 Bd7 10.Nxc6 Bxc6 11.f3 Qa5 12.Bxd6 O-O-O 13.Qf4 Nd5 14.exd5 Bxd6 15.Qxf7 exd5
16.g3 Kb8 17.Bg2 Be5 18.Rd3 Rhf8 19.Qh5 d4 20.Ne2 Be8 21.Qg4 Bd7 22.Qh5 Be8
23.Qg4 Bd7 24.Qh5 g6 25.Qxh6 Qxa2 26.Ra3 Qc4 27.Qd2 Bb5 28.Bf1 Qc7 29.Kb1 Bd6
30.Rb3 Bc4 31.Nxd4 Bxb3 32.Nxb3 Bf4 33.Qe1 Rfe8 34.Be2 Qe7 35.gxf4 Qxe2 36.Qxe2 Rxe2
37.c3 Rh8 38.h4 Rg2 39.Nd4 Rh5 40.Ka2 Kc7 41.Kb3 Kd7 42.Rh3 Ke7 43.Rh1 Kf7
44.Rh3 Kg8 45.Rh1 Kf7 46.Rh3 Kg7 47.Rh1 Kh6 48.Rh3 Rd5 49.Rh1 Kh5 50.Rh3 Rd6
51.Ka3 Rf6 52.Rh1 Rxf4 53.Re1 Kxh4 54.Re7 b5 55.Re6 a5 56.Ra6 b4+ 57.Kb3 bxc3
58.bxc3 Rg5 59.Kc4 Kg3 60.Kd3 Rf8 61.Ke3 Re5+ 62.Kd3 g5 63.Ra7 Rc8 64.Ra6 Kf2
65.Kd2 Re3 66.Nc2 Rexc3 67.Ne1 Ra3 68.Re6 Rd8+ 69.Kc2 Re3  0-1

[Event "Blue Autumn"]
[Site "Bucharest ROM"]
[Date "2002.11.06"]
[Round "15"]
[White "Radovanovic,D"]
[Black "Moldovan,D"]
[Result "1/2-1/2"]
[WhiteElo "2334"]
[BlackElo "2460"]

1.e4 c5 2.Nf3 d6 3.d4 cxd4 4.Nxd4 Nf6 5.Nc3 Nc6 6.Bg5 e6 7.Qd2 a6 8.O-O-O Bd7
9.f4 b5 10.Bxf6 gxf6 11.Kb1 Qb6 12.Nxc6 Bxc6 13.Qe1 O-O-O 14.f5 b4 15.Ne2 e5
16.Ng3 d5 17.Bd3 h5 18.exd5 Bxd5 19.Qe2 h4 20.Ne4 Bb7 21.Rhe1 Be7 22.Nd2 Kb8
23.Be4 Bxe4 24.Nxe4 Qc6 25.Rc1 Qb5 26.Qxb5+ axb5 27.Rcd1 Kc7 28.Rxd8 Rxd8
29.Kc1 Rg8 30.Re2 Kc6 31.g3 hxg3 32.Nxg3 Bf8 33.Kd1 Bh6 34.Ke1 Bf4 35.Ne4 Rg4
36.h3 Rh4 37.Nxf6 Rxh3 38.Kf2 Rh1 39.Ng4 Kd5 40.Nf6+ Kc6 41.Ng4 Kd6 42.Re4 Rh4
43.Kf3 Rh3+ 44.Ke2 Rh5 45.f6 Rh4 46.Kf3 Rh3+ 47.Ke2 Rh4 48.Kf3  1/2-1/2

[Event "FSGM Nov"]
[Site "Budapest HUN"]
[Date "2002.11.08"]
[Round "7"]
[White "Pilgaard,K"]
[Black "Chernyshov,K"]
[Result "0-1"]
[WhiteElo "2432"]
[BlackElo "2549"]

1.e4 c5 2.Nf3 Nc6 3.d4 cxd4 4.Nxd4 Nf6 5.Nc3 d6 6.Bg5 e6 7.Qd2 a6 8.O-O-O h6
9.Bf4 Bd7 10.Nxc6 Bxc6 11.f3 Qa5 12.Bxd6 O-O-O 13.Qf4 Nd5 14.exd5 Bxd6 15.Qxf7 exd5
16.Qxg7 Kb8 17.Kb1 d4 18.Ne4 Bd5 19.Nxd6 Qxa2+ 20.Kc1 Qa1+ 21.Kd2 Qxb2 22.Ne4 Qb4+
23.Ke2 Bxe4 24.Qg3+ Ka8 25.fxe4 Rhf8 26.Qd3 Rc8 27.Qb3 d3+ 28.Rxd3 Qxe4+
29.Re3 Qd4 30.Qd3 Qb2 31.Kd2 Rfd8 32.Qxd8 Qxc2+  0-1

[Event "Olympiad"]
[Site "Bled SLO"]
[Date "2002.11.10"]
[Round "14"]
[White "Santos Flores,A"]
[Black "Peralta,E"]
[Result "1/2-1/2"]
[WhiteElo "2364"]
[BlackElo "2355"]

1.e4 c5 2.Nf3 d6 3.d4 cxd4 4.Nxd4 Nf6 5.Nc3 Nc6 6.Bg5 e6 7.Bb5 Bd7 8.Bxc6 bxc6
9.Qf3 Qb6 10.Nb3 Be7 11.e5 dxe5 12.O-O-O Rd8 13.Bxf6 gxf6 14.Ne4 f5 15.Nd6+ Bxd6
16.Rxd6 Ke7 17.Rhd1 Bc8 18.c4 Rxd6 19.Rxd6 Bd7 20.c5 Qb4 21.Qh5 Rd8  1/2-1/2

[Event "Kubanskaja Osen"]
[Site "Krasnodar RUS"]
[Date "2002.11.16"]
[Round "2"]
[White "Panarin,M"]
[Black "Maiorov,O"]
[Result "0-1"]
[WhiteElo "2445"]
[BlackElo "2458"]

1.e4 c5 2.Nf3 d6 3.d4 cxd4 4.Nxd4 Nf6 5.Nc3 Nc6 6.Bg5 Bd7 7.Qd2 Rc8 8.Nb3 h6
9.Be3 Ng4 10.Bf4 g5 11.Bg3 Bg7 12.f3 Nf6 13.O-O-O a6 14.Bf2 Na5 15.Kb1 Nxb3
16.axb3 b5 17.h4 g4 18.h5 Qc7 19.Bd4 Be6 20.Bd3 Qc6 21.f4 d5 22.Bxf6 Bxf6
23.exd5 Bxd5 24.Bxb5 axb5 25.Nxd5 O-O 26.Qe2 Kh8 27.c3 Rcd8 28.Nb4 Qc5 29.Qxg4 Bxc3
30.Nd3 Qd5 31.Qe2 Bf6 32.g4 Qxb3 33.Nc5 Qb4 34.Nd7 Ra8 35.Rh3 Rfd8 36.Nxf6 Rxd1+
37.Qxd1 exf6 38.Rd3 Kg7 39.Qd2 Qe4 40.g5 Rd8 41.Kc2 Qc4+ 42.Qc3 Rxd3  0-1

[Event "TCh-FIN 2002-3"]
[Site "Finland FIN"]
[Date "2002.11.17"]
[Round "5"]
[White "Alava,M"]
[Black "Nieminen,K"]
[Result "1-0"]
[WhiteElo "2196"]
[BlackElo "2187"]

1.e4 c5 2.Nf3 d6 3.d4 cxd4 4.Nxd4 Nf6 5.Nc3 Nc6 6.Bg5 e6 7.Qd2 Be7 8.O-O-O O-O
9.f3 a6 10.h4 Nxd4 11.Qxd4 Qa5 12.Bd2 Qc7 13.g4 b5 14.h5 Nd7 15.g5 Qc5 16.Be3 Qxd4
17.Rxd4 Rb8 18.Rg1 Ne5 19.Be2 b4 20.Nb1 a5 21.f4 Nc6 22.Rdd1 Rd8 23.Nd2 a4
24.Kb1 Bb7 25.Bb5 a3 26.b3 Ba8 27.Be2 Na5 28.f5 Bf8 29.fxe6 fxe6 30.Bg4 Re8
31.Bf4 Rbd8 32.Rge1 Bc6 33.Nf3 e5 34.Bg3 Nb7 35.Bf2 Be7 36.Bb6 Ra8 37.g6 h6
38.Nd2 Rf8 39.Be6+ Kh8 40.Bf7 Rac8 41.Nc4 Nd8 42.Bxd8 Rcxd8 43.Nb6 Rb8 44.Nd5 Bxd5
45.Rxd5 Rfc8 46.Re3 Rc7 47.Rf3 Rc6 48.Be6 Bf6 49.Rfd3 Be7 50.Ra5 Rf8 51.Bf7 Rfc8
52.c4 bxc3 53.Kc2 d5 54.Raxd5 Rf6 55.Rxe5 Rf2+ 56.Kc1 c2 57.Bc4 Bg5+ 58.Rxg5 hxg5
59.e5 Re2 60.Rd7 Rxe5 61.h6 Re1+ 62.Kxc2 Rxc4+ 63.bxc4 gxh6 64.Rh7+ Kg8 65.Rxh6  1-0

[Event "Kubanskaja Osen"]
[Site "Krasnodar RUS"]
[Date "2002.11.22"]
[Round "8"]
[White "Frolyanov,D"]
[Black "Andreev,Ed"]
[Result "0-1"]
[WhiteElo "2433"]
[BlackElo "2466"]

1.e4 c5 2.Nf3 d6 3.d4 cxd4 4.Nxd4 Nf6 5.Nc3 Nc6 6.Bg5 e6 7.Qd2 a6 8.O-O-O Bd7
9.f4 h6 10.Bh4 g5 11.fxg5 Ng4 12.Be2 Nge5 13.Nf3 Be7 14.Rhg1 b5 15.Rdf1 b4
16.Nd1 a5 17.Kb1 Rb8 18.Nf2 a4 19.Nd3 Nc4 20.Qc1 Qa5 21.g6 fxg6 22.Bxe7 Kxe7
23.Qe1 g5 24.Nf4 N4e5 25.Qg3 Rhg8 26.Qh3 Nxf3 27.Qxh6 gxf4 28.gxf3 Rxg1 29.Rxg1 Kd8
30.Qxf4 Kc7 31.Rg5 e5 32.Qd2 Qc5 33.f4 Qd4  0-1

[Event "ch-ISR"]
[Site "Tel Aviv ISR"]
[Date "2002.11.24"]
[Round "1"]
[White "Tseitlin,Ma"]
[Black "Lederer,Y"]
[Result "1-0"]
[WhiteElo "2472"]
[BlackElo "2272"]

1.e4 c5 2.Nf3 d6 3.d4 cxd4 4.Nxd4 Nf6 5.Nc3 Nc6 6.Bg5 e6 7.Qd2 Qb6 8.Nb3 a6
9.O-O-O Be7 10.f3 O-O 11.g4 Qc7 12.h4 b5 13.h5 Ne5 14.Nd4 b4 15.Nb1 Qc5 16.Bh4 Bb7
17.g5 Nxh5 18.g6 Nxg6 19.Bxe7 Nxe7 20.Nb3 Qe5 21.Qxb4 Ng3 22.Qxb7 Qg5+ 23.f4 Qxf4+
24.N1d2 Nxh1 25.Qxe7 Nf2 26.Re1 h5 27.Nd4 d5 28.Bg2 dxe4 29.Bxe4 Rad8 30.Nf3 Rd6
31.Bh7+ Kxh7 32.Qxf8 Rd5 33.Re2 Ng4 34.Re4 Qf5 35.Qb4 g5 36.Qf8 Nf6 37.Qb4 a5
38.Qc4 h4 39.Qe2 h3 40.c4 Rc5 41.Nb3 Rc8 42.Nbd4 Rxc4+ 43.Qxc4 Qxe4 44.Nxg5+  1-0

[Event "ch-ISR"]
[Site "Tel Aviv ISR"]
[Date "2002.11.26"]
[Round "2"]
[White "Bar,R"]
[Black "Lederer,Y"]
[Result "1-0"]
[WhiteElo "2413"]
[BlackElo "2272"]

1.e4 c5 2.Nf3 Nc6 3.d4 cxd4 4.Nxd4 Nf6 5.Nc3 d6 6.Bg5 Qb6 7.Nb3 e6 8.Qd2 a6
9.O-O-O Be7 10.f3 O-O 11.h4 Qc7 12.h5 Rd8 13.h6 g6 14.Qf4 Ne8 15.Bxe7 Nxe7
16.e5 dxe5 17.Rxd8 Qxd8 18.Qxe5 Nc6 19.Qe3 b6 20.Bc4 Rb8 21.Rd1 Qe7 22.Ne4 b5
23.Be2 Nb4 24.a3 Nc6 25.Qc3 Na7 26.Nd6 Nf6 27.f4 Bb7 28.Nxb7 Rxb7 29.Bf3 Rc7
30.Qa5 Nd5 31.Bxd5 exd5 32.Rxd5 f6 33.Qd2 Nc6 34.Na5 Qe6 35.Rd6 Nxa5 36.Rxe6 Nb3+
37.Kd1 Nxd2 38.Kxd2 Rc5 39.Rxf6 Rh5 40.Rxa6 Rxh6 41.Ke3  1-0

[Event "SFch-NED w"]
[Site "Leeuwarden NED"]
[Date "2002.12.01"]
[Round "1.2"]
[White "Otten,C"]
[Black "Bensdorp,L"]
[Result "0-1"]
[WhiteElo "2099"]
[BlackElo "2074"]

1.e4 c5 2.Nf3 d6 3.d4 cxd4 4.Nxd4 Nf6 5.Nc3 Nc6 6.Bg5 e6 7.Qd2 a6 8.O-O-O h6
9.Nxc6 bxc6 10.Bf4 d5 11.Qe3 Be7 12.Be2 Bb7 13.Qg3 Kf8 14.Bc7 Qd7 15.Be5 Rc8
16.Bf3 Qd8 17.Rhe1 Ne8 18.exd5 cxd5 19.Bd4 Qa5 20.Kb1 Bc5 21.Qf4 Kg8 22.Bh5 Qc7
23.Be5 Bd6 24.Bxf7+ Qxf7 25.Bxd6 Qxf4 26.Bxf4 Kf7 27.Rd4 Nc7 28.Rb4 Bc6 29.Rb6 Nb5
30.Be5 Nxc3+ 31.Bxc3 Rhd8 32.Rxa6 d4 33.Ra7+ Kf6 34.Bb4 Re8 35.f4 Bxg2 36.Bd6 g6
37.Be5+ Kf5 38.Rg1 Bf3 39.Rf7+ Ke4 40.Rxg6 Bh5 41.Rff6 Bxg6 42.Rxg6 Rg8 43.Rxg8 Rxg8
44.b4 Kd5 45.b5 Kc5 46.b6 Kxb6 47.Bxd4+ Kb5 48.Kb2 Rg2 49.Kb3 Rxh2 50.c4+ Kc6
51.a4 h5 52.a5 h4 53.a6 h3 54.c5 Rg2 55.a7 Rg8 56.Bg1 Ra8  0-1

[Event "ch-POL sf"]
[Site "Lubniewice POL"]
[Date "2002.12.01"]
[Round "2"]
[White "Mickiewicz,P"]
[Black "Lagowski,P"]
[Result "1/2-1/2"]
[WhiteElo "2256"]
[BlackElo "2350"]

1.e4 c5 2.Nf3 d6 3.d4 cxd4 4.Nxd4 Nf6 5.Nc3 Nc6 6.Bg5 e6 7.Qd2 a6 8.O-O-O Bd7
9.f4 b5 10.Bxf6 gxf6 11.Kb1 Qb6 12.Nxc6 Bxc6 13.Qe1 Be7 14.f5 b4 15.Ne2 e5
16.Ng3 h5 17.Bc4 h4 18.Nf1 Rc8 19.Qe2 a5 20.Qd3 Qc5 21.Ne3 a4 22.Rhe1 Rg8
23.Re2 Bf8 24.b3 Bh6 25.Nd5 Bxd5 26.Qxd5 Qxd5 27.Rxd5 axb3 28.axb3 Ke7 29.Kb2 Rb8
30.Ra5 Ra8 31.Ra4 Rxa4 32.bxa4 Bf4 33.a5 Bxh2 34.Kb3 Bg1 35.Kxb4 Rb8+ 36.Ka4 Bc5  1/2-1/2

[Event "ch-POL sf"]
[Site "Lubniewice POL"]
[Date "2002.12.02"]
[Round "3"]
[White "Skrzypnik,M"]
[Black "Dziuba,M"]
[Result "0-1"]
[WhiteElo "2317"]
[BlackElo "2448"]

1.e4 c5 2.Nf3 Nc6 3.d4 cxd4 4.Nxd4 Nf6 5.Nc3 d6 6.Bg5 e6 7.Qd2 a6 8.O-O-O Nxd4
9.Qxd4 Be7 10.f3 b5 11.Bxf6 gxf6 12.Kb1 Qc7 13.f4 Qc5 14.Be2 Bb7 15.Bf3 Rc8
16.Qd3 b4 17.Ne2 a5 18.Nd4 O-O 19.h4 a4 20.g4 a3 21.b3 Ba6 22.c4 bxc3 23.Qc2 Kh8
24.Rh3 Bd8 25.g5 Bb6 26.Rg3 Qb4 27.Ne2 Bf2 28.Rg2 Be3 29.Ng3 Bxf4 30.Nh5 Be5
31.gxf6 Qb6 32.Be2 Bxe2 33.Rxe2 Rg8 34.Qd3 Rg1 35.Kc2 Rcg8 36.Rde1 Rxe1 37.Rxe1 Qf2+
38.Qe2 Qxh4  0-1

[Event "ch-POL sf"]
[Site "Lubniewice POL"]
[Date "2002.12.07"]
[Round "8"]
[White "Jakubowski,K"]
[Black "Heberla,B"]
[Result "1-0"]
[WhiteElo "2473"]
[BlackElo "2389"]

1.e4 c5 2.Nf3 d6 3.d4 cxd4 4.Nxd4 Nf6 5.Nc3 Nc6 6.Bg5 Bd7 7.Be2 Qa5 8.Bxf6 gxf6
9.O-O Nxd4 10.Qxd4 Rc8 11.Kh1 Qc5 12.Qd3 Bg7 13.Rae1 f5 14.exf5 Bxc3 15.bxc3 Bxf5
16.Qf3 O-O 17.Bd3 Bxd3 18.cxd3 Rc7 19.c4 Qg5 20.Re3 Kh8 21.Rb1 b6 22.h3 e5
23.Qd5 Qg6 24.Rbe1 Qe6 25.Qb5 Rg8 26.Qb2 f6 27.f4 Rcg7 28.fxe5 fxe5 29.R1e2 Qf5
30.Rf2 Qg5 31.Ref3 Qh4 32.Qe2 Rg3 33.Rxg3 Qxg3 34.Rf6 Qg5 35.Qf1 Rg6 36.Rxd6 Qe7
37.Rd5 Rf6 38.Qe2 Re6 39.Qe4 Qg5 40.Rd7 Re7 41.Rxe7 Qxe7 42.d4 Qa3 43.dxe5 Qc1+
44.Kh2 Qd2 45.Qa8+ Kg7 46.Qxa7+ Kg8 47.Qb8+ Kg7 48.Qc7+ Kg8 49.e6  1-0

[Event "Winter Cup"]
[Site "Bucharest ROM"]
[Date "2002.12.08"]
[Round "8"]
[White "Manea,A"]
[Black "Raceanu,V"]
[Result "0-1"]
[WhiteElo "2307"]
[BlackElo "2339"]

1.e4 c5 2.Nf3 Nc6 3.d4 cxd4 4.Nxd4 Nf6 5.Nc3 d6 6.Bg5 e6 7.Qd2 Be7 8.O-O-O Nxd4
9.Qxd4 O-O 10.h4 Qa5 11.Bc4 Rd8 12.f4 h6 13.Qd3 Bd7 14.Bb3 Rac8 15.Ne2 Ba4
16.Kb1 Bxb3 17.cxb3 Kf8 18.Bxf6 Bxf6 19.g4 g6 20.g5 hxg5 21.hxg5 Bg7 22.a3 Qa6
23.Qd2 Qc6 24.Ng3 Qb5 25.b4 a5 26.bxa5 Rc3 27.Ne2 Rd3 28.Qc2 Rxa3 29.Nd4 Qb4
30.Qc7 Qxa5 31.Qxa5 Rxa5 32.Rhf1 Ra4 33.e5 Rda8 34.Kc2 dxe5 35.fxe5 Ke7 36.Rfe1 Rd8
37.Kc3 Ra5 38.Nf3 Rxd1 39.Rxd1 Bxe5+ 40.Kb4 b6 41.b3 Bd6+  0-1

[Event "FSIMA Dec"]
[Site "Budapest HUN"]
[Date "2002.12.10"]
[Round "4"]
[White "Lengyel,B"]
[Black "Jakab,A"]
[Result "1/2-1/2"]
[WhiteElo "2338"]
[BlackElo "2367"]

1.e4 c5 2.Nf3 Nc6 3.d4 cxd4 4.Nxd4 Nf6 5.Nc3 d6 6.Bg5 e6 7.Bb5 Qb6 8.Bxf6 gxf6
9.Nb3 a6 10.Be2 Qc7 11.O-O b6 12.f4 Bb7 13.Rf3 Rg8 14.Qf1 Ne7 15.f5 e5 16.Rd1 b5
17.a3 Qb6+ 18.Kh1 Rc8 19.Rfd3 d5 20.exd5 Rxc3 21.bxc3 Rg5 22.g4 h5 23.Bf3 hxg4
24.Be4 Nc8 25.Qg1 Qc7 26.Qe1 Nd6 27.Bg2 Bh6 28.Nd4 Rh5 29.Qe2 Bf4 30.Qxg4 Rxh2+
31.Kg1 Rh8 32.Nc6 Qb6+ 33.Kf1 Kf8 34.Rh3 Rg8 35.Qh4 Nxf5 36.Qxf6 Ng3+ 37.Rxg3 Rxg3
38.Rd3 Rg6 39.Qe7+ Kg8 40.Nd8 Rf6 41.Ke2 Bc8 42.Ne6 Rxe6 43.dxe6 Bxe6 44.Rd8+ Kg7
45.Qf8+ Kf6 46.Qh8+ Ke7  1/2-1/2

[Event "10th Amitie"]
[Site "Bagneux FRA"]
[Date "2002.12.12"]
[Round "4"]
[White "De Sousa,Jos"]
[Black "Mohandesi,S"]
[Result "1/2-1/2"]
[WhiteElo "2304"]
[BlackElo "2358"]

1.e4 c5 2.Nf3 d6 3.d4 cxd4 4.Nxd4 Nf6 5.Nc3 Nc6 6.Bg5 e6 7.Qd2 a6 8.O-O-O h6
9.Nxc6 bxc6 10.Bf4 d5 11.Qe3 Qa5 12.Be2 Bb4 13.Be5 Bxc3 14.Bxc3 Qxa2 15.exd5 cxd5
16.Bf3 Qa1+ 17.Kd2 Qa4 18.Qc5 Rb8 19.Rhe1 Qf4+ 20.Ke2 Nd7 21.Qa3 Qc4+ 22.Ke3 Rg8
23.Bxd5 Qc5+ 24.Qxc5 Nxc5 25.Bc6+ Ke7 26.Re2 Bb7 27.Bb4 Bxc6 28.Bxc5+ Kf6
29.f3 Kg6 30.b3  1/2-1/2

[Event "XII It"]
[Site "Elgoibar ESP"]
[Date "2002.12.15"]
[Round "4"]
[White "Perez,Rod"]
[Black "Ubilava,E"]
[Result "1/2-1/2"]
[WhiteElo "2428"]
[BlackElo "2552"]

1.e4 c5 2.Nf3 d6 3.d4 cxd4 4.Nxd4 Nf6 5.Nc3 Nc6 6.Bg5 Bd7 7.Qd2 h6 8.Bxf6 gxf6
9.O-O-O Nxd4 10.Qxd4 Qa5 11.f4 Rc8 12.Be2 Rg8 13.Bf3 e6 14.Rhe1 Be7 15.Kb1 Rc7
16.Qd2 Kf8 17.f5 Kg7 18.Re3 Kf8 19.Rd3 Rh8 20.fxe6 Bxe6 21.Nd5 Qxd2 22.R1xd2 Bxd5
23.Rxd5 Rg8 24.c3  1/2-1/2

[Event "Christmas Open"]
[Site "Zadar CRO"]
[Date "2002.12.15"]
[Round "2"]
[White "Yemelin,V"]
[Black "Jankovic,A"]
[Result "1/2-1/2"]
[WhiteElo "2534"]
[BlackElo "2329"]

1.e4 c5 2.Nf3 Nc6 3.d4 cxd4 4.Nxd4 Nf6 5.Nc3 d6 6.Bg5 e6 7.Qd2 a6 8.O-O-O Bd7
9.f4 Be7 10.Nf3 b5 11.Bd3 b4 12.Ne2 Qb6 13.Ng3 Ng4 14.Bxe7 Nxe7 15.Nh5 O-O-O
16.Rde1 g6 17.Ng3 Nf2 18.Rhg1 Nxd3+ 19.Qxd3 h6 20.Kb1 Bc6 21.Rc1 d5 22.e5 d4
23.Ne4 Nf5 24.Rgd1 Kb8 25.Rd2 a5 26.g4 Bb5 27.Qb3 Qc6 28.Nd6 Nxd6 29.exd6 Rxd6
30.Rxd4 Rhd8 31.Ne5 Qc7 32.Rxd6 Rxd6 33.c4 Bc6 34.Qe3 Qb7 35.h4 f6 36.Nxc6+ Qxc6
37.b3 Qd7 38.g5 hxg5 39.hxg5 fxg5 40.fxg5 Rd2 41.Qf4+ Kb7 42.Qe4+ Kb8 43.Qe3 Qd6
44.Rh1 Rd1+ 45.Rxd1 Qxd1+ 46.Kb2 Qd6 47.Kc1 Kb7 48.Qe4+ Kb6 49.Qxg6  1/2-1/2